[Event "BL 2016-17"]
[Site "St. Veit/Glan"]
[Date "2017.03.26"]
[Round "8"]
[White "Lenic, Luka"]
[Black "Prohaszka, Peter"]
[Result "1-0"]
[WhiteElo "2640"]
[BlackElo "2594"]
[Annotator "TA"]
[PlyCount "149"]
[EventDate "2017.??.??"]
[EventType "team-tourn"]
[EventCountry "AUT"]
[SourceTitle "playchess.com"]
[Source "ChessBase"]
[SourceQuality "1"]
[WhiteTeam "Feffernitz"]
[BlackTeam "Wien-SK Ottakring"]

{[%evp 20,149,13,17,43,14,67,67,83,80,73,64,91,88,98,96,112,92,99,84,85,95,99,93,122,27,78,0,137,65,90,75,82,81,86,68,112,112,94,106,110,115,97,97,168,132,223,167,155,162,157,161,158,169,155,170,189,193,180,174,233,221,227,233,215,231,221,227,283,279,291,321,304,308,307,309,315,307,331,331,333,324,302,312,384,377,444,427,472,497,456,408,403,373,502,528,510,513,464,437,539,522,507,436,473,468,679,675,709,702,693,584,862,878,972,956,1119,1129,1700,1700,1700,1389,1648,1552,1630,1591,2187,2108,1891,1831,1765,1777]} 1. d4 d5 2. Nf3 Nf6 3. c4 c6 4. Nc3 dxc4 5. a4 Bf5 6. Ne5 Nbd7 7. Nxc4 Nb6 8. Ne5 a5 9. e3 {D17: Slav Defence: 5 a4 Bf5: Lines with 6 Nh4 and 6 Ne5} Nbd7 10. Bd3 Bxd3 11. Nxd3 {LiveBook: 5 Games. The position is equal.} Qb8 $146 (11... Qb6 12. Ra3 e6 13. Rb3 Bb4 14. O-O c5 15. dxc5 Nxc5 16. Nxc5 Qxc5 {½-½ (35) Topalov,V (2803)-Wang,Y (2732) Nanjing 2010}) 12. O-O e6 ({Black should try} 12... e5 $11) 13. e4 $14 {[%cal Be3e4,Be4e5][%mdl 32]} Be7 14. e5 Nd5 15. Qg4 Bf8 16. Ne4 Qa7 17. Be3 h6 18. Nd6+ Bxd6 19. Qxg7 (19. exd6 g5 $11) 19... O-O-O {...Bc7 is the strong threat.} 20. exd6 Rdf8 21. Qg3 Qb8 22. Bf4 (22. Nc5 $6 Rhg8 23. Qh4 b6 $11) ({White should play} 22. b4 $1 $16) 22... Qa7 (22... Rhg8 $11 {remains equal.} 23. Qf3 Nxf4 24. Qxf4 Rg5) 23. Be3 (23. Bd2 $142) 23... Qb8 $1 $16 {[#]} 24. Bd2 (24. Nc5 $6 Rhg8 25. Qh4 Qxd6 $11) ({Better is} 24. b4 $1 $16) 24... Rhg8 25. Qf3 Qxd6 26. Bxa5 h5 27. Bc3 {[%cal Ba5c3,Bc3d2,Bd2f4][%mdl 32]} Rg4 28. h3 Rg5 {Black wants to play ...Rfg8.} 29. Bd2 Rg6 30. Kh1 (30. Qxh5 $6 Rfg8 31. Ne1 (31. g4 f5 32. g5 N7f6 $17) 31... N5f6 $11) 30... Rfg8 31. Rg1 N5f6 (31... Rg4 $16) 32. a5 {And now a6 would win.} Nb8 (32... Qd5 $16) 33. Bf4 Qd5 34. Qxd5 Nxd5 35. Bxb8 Kxb8 36. a6 Nc7 37. Ne5 Rg5 38. axb7 Kxb7 39. Rac1 Nd5 (39... Rf5 {was called for.}) 40. Nxf7 $18 R5g7 41. Nd6+ Kc7 42. Ne4 Nf4 {[#]} 43. Ra1 $1 Kb6 {[%cal Rg7g2]} ({But not} 43... Rxg2 $2 44. Rxg2 Nxg2 45. Rg1 $18) 44. Ra3 Ra7 45. Rb3+ Kc7 46. Rf3 Nd5 47. Re1 Rb8 48. b3 Rb4 49. Nc5 Kb6 50. Nxe6 Re7 51. Re2 Kb5 52. Kh2 ({Don't play} 52. Re5 Kb6 53. Rf8 Rxd4 54. Rb8+ (54. Nxd4 Rxe5 55. Rc8 Nc7 $18) 54... Ka6 55. Nxd4 Rxe5 56. Nxc6 Rf5 $18) 52... h4 53. g3 Kb6 54. gxh4 Nc7 55. Nf4 Rh7 56. Re4 Kb7 57. Nd3 {White is clearly winning.} Rb5 58. Nc5+ Kb6 59. Rf8 Ka5 60. Rf6 Rb6 61. Rf5 Kb4 62. h5 {[%cal Bh4h5,Bh5h6][%mdl 32]} Nd5 (62... Rb8 $142 63. Nd3+ Kxb3) 63. Re6 Nc7 64. Rg6 Nb5 65. Ne6 Kxb3 66. h6 Kc4 67. Ng5 Nxd4 68. Rf8 Rbb7 69. Nxh7 Rxh7 {[%mdl 4096] Endgame KRR-KRN} 70. Rff6 Kd5 71. Rg5+ Ke4 72. Kg3 c5 73. f3+ Ke3 74. Re5+ Kd3 75. Rxc5 1-0

[Event "BL 2016-17"]
[Site "Germany"]
[Date "2017.02.19"]
[Round "8"]
[White "Bluebaum, Matthias"]
[Black "Fedorovsky, Michael"]
[Result "1-0"]
[WhiteElo "2632"]
[BlackElo "2482"]
[Annotator "TA"]
[PlyCount "101"]
[EventDate "2017.??.??"]
[EventType "team-tourn"]
[EventCountry "GER"]
[SourceTitle "playchess.com"]
[Source "ChessBase"]
[SourceQuality "1"]
[WhiteTeam "Werder Bremen"]
[BlackTeam "Bayern München"]

{[%evp 12,101,18,9,24,0,17,23,15,27,37,30,52,-27,0,0,102,112,102,95,220,164,514,507,491,469,424,181,174,174,178,181,169,182,178,179,193,172,233,224,230,226,279,279,279,279,279,279,279,275,268,252,272,254,304,337,301,331,312,0,251,0,327,327,316,293,335,330,370,370,430,434,440,440,568,568,571,440,557,506,512,499,479,478,650,637,29974,29975,29974,29976,29975,29980]} 1. d4 Nf6 2. c4 e6 3. Nc3 Bb4 4. f3 O-O 5. a3 Bxc3+ 6. bxc3 Ne8 7. e4 c5 8. Bd3 b6 9. f4 f5 10. Nf3 {[%cal Bg1f3,Bf3g5,Bg5f7][%mdl 32]} Nc6 11. O-O Ba6 12. d5 (12. dxc5 $14 fxe4 13. Bxe4) 12... Na5 13. e5 $1 d6 (13... Bxc4 $11 14. Bxc4 Nxc4) 14. Ng5 $16 {aiming for Qh5.} Nc7 (14... Bxc4 $2 15. Bxc4 (15. dxe6 Bxd3 16. Qxd3 Qe7 $11) 15... Nxc4 16. Nxe6 $18) 15. dxe6 $40 {[%mdl 128] Black must now prevent exd6. White attacks with force.} dxe5 (15... Nxc4 $2 16. exd6 Nxd6 17. Bxa6 $18) (15... Bxc4 $16 16. exd6 Qxd6 17. Bxc4 Nxc4) 16. fxe5 $18 h6 $2 (16... Nxc4 $2 17. Qe2 $18 (17. Bxf5 Rxf5 18. Qxd8+ Rxd8 $14)) (16... g6 {is tougher.}) 17. Nf7 Qe7 18. Bxf5 (18. Rxf5 Nxe6 19. Nd6 Nb7 $18) 18... Nxe6 {[#]} (18... Bxc4 {[#]} 19. Qg4 $1 {[%mdl 512]} Rxf7 20. exf7+ Bxf7 21. Bxh6 Qxe5 22. Rad1) 19. Qg4 (19. Nxh6+ $142 $1 {[%mdl 512]} gxh6 20. Bxh6 Nxc4 21. Qg4+ Ng7 22. Qg6 Rxf5 23. Rxf5 Nxe5 24. Qg3) 19... Rxf7 ({Worse is} 19... Bxc4 20. Nxh6+ Kh8 {[#]} 21. Nf7+ $1 {[%mdl 512]} Qxf7 22. Qh4+ Qh5 23. Qxh5+ Kg8 24. Bh7+ Kh8 25. Bg6+ Kg8 26. Qh7#) 20. Bxe6 Qxe6 21. Qxe6 Bxc4 {[#]} 22. Rxf7 $1 Bxe6 23. Re7 Bb3 24. Bf4 Rf8 (24... Nc6 {is a better defense.} 25. Rd7 Re8) 25. Rf1 ({Weaker is} 25. Rxa7 Rxf4 26. Rb1 Re4 $11) 25... Rf7 26. Re8+ Kh7 27. e6 Rf6 28. Bb8 Rxe6 29. Rxe6 Bxe6 30. Bxa7 {[%mdl 4096] Endgame KRB-KBN} Nc4 31. Re1 Bd5 32. Re7 Kg6 33. Rd7 Be6 34. Rb7 Bd5 35. Rd7 Be6 $1 {[%cal Re6d7]} 36. Rb7 Bd5 37. Rb8 Nxa3 38. Rxb6+ Kf5 39. Rd6 Be4 40. Bxc5 Nb5 41. Rd7 Nxc3 42. Rxg7 Ne2+ 43. Kf2 Nc3 44. Be3 h5 45. Bd2 Nd1+ 46. Ke2 Nb2 47. Rg5+ Kf6 48. Rxh5 Bxg2 49. Bc3+ {White mates.} Kg6 50. Rh4 Kg5 51. Rd4 ({Not} 51. Bxb2 Kxh4 52. Bh8 Kh5 $11) 1-0

[Event "BL 2016-17"]
[Site "St. Veit/Glan"]
[Date "2017.03.26"]
[Round "8"]
[White "Melkumyan, Hrant"]
[Black "Repka, Christopher"]
[Result "0-1"]
[WhiteElo "2627"]
[BlackElo "2455"]
[Annotator "TA"]
[PlyCount "62"]
[EventDate "2017.??.??"]
[EventType "team-tourn"]
[EventCountry "AUT"]
[SourceTitle "playchess.com"]
[Source "ChessBase"]
[SourceQuality "1"]
[WhiteTeam "Wulkaprodersdorf"]
[BlackTeam "Bregenz"]

{[%evp 18,62,0,0,56,0,-3,-98,-98,-98,-87,-87,-87,-99,-100,-86,-93,-96,-72,-256,-247,-240,-256,-253,-218,-512,-509,-979,-973,-961,-970,-933,-937,-1031,-561,-540,-540,-29969,-29970,-29970,-29970,-29962,-29965,-5189,-4686,-29991,-29992]} 1. d4 Nf6 2. c4 e6 3. Nc3 Bb4 4. f3 O-O 5. e4 c5 6. d5 b5 {E20: Nimzo-Indian: 4 g3 and 4 f3} (6... d6 7. Bd3 b5 8. Nge2 bxc4 9. Bxc4 exd5 10. Bxd5 Nxd5 11. Qxd5 Qb6 12. Bf4 Be6 13. Qxa8 Nc6 14. Qxf8+ Kxf8 15. Bxd6+ {1-0 (75) Mamedyarov,S (2766)-So,W (2808) chess.com INT 2017}) 7. Nh3 bxc4 8. Bxc4 exd5 9. Bxd5 Nxd5 10. Qxd5 {LiveBook: 4 Games} Nc6 (10... Ba6 $11) 11. Be3 (11. O-O $14) 11... Ba6 $11 12. Nf4 $146 ({Wrong is} 12. O-O-O $2 Bxc3 13. bxc3 Qa5 $19) (12. Kf2 $1 $11 {remains equal.}) (12. a3 Ba5 13. Bxc5 Re8 14. Bd6 {0-1 (26) Nakar,E (2471)-Sevian,S (2590) Dallas 2016}) 12... Qh4+ $17 13. g3 Qf6 14. Kf2 Ne5 15. h4 Rab8 $36 {[%mdl 2048] And now ...Bxc3 would win. Black is in control.} 16. g4 Bxc3 17. bxc3 Nc4 18. Qxc5 $2 {[#]} (18. Qd3 $17) 18... Rfc8 $1 $19 {[%cal Rc8c5]} ({Stronger than} 18... Qxc3 19. Rac1 (19. Bd4 Qd2+ 20. Kg3 Rfc8 $11) 19... Rb2+ 20. Kg3 Qxe3 21. Rxc4 $14) 19. Qd4 {aiming for Qxf6.} Rb2+ 20. Kg3 {Hoping for Qxf6.} Nxe3 21. Qxe3 $2 (21. Qxf6 gxf6 22. Rab1) 21... Rxc3 22. Qe1 {[#]} (22. Nd5 $142 Rxe3 23. Nxf6+ gxf6 24. Rab1 Rxa2 25. h5) 22... Be2 $1 {[%mdl 512]} 23. Rf1 (23. Nxe2 Qxf3+) 23... Bxf1 24. Qxf1 h6 25. h5 g5 26. hxg6 fxg6 {[%cal Bf7g6,Bg6g5][%mdl 32]} 27. Qd1 g5 28. Qd5+ Kh8 29. Ng6+ Qxg6 30. Qe5+ Qg7 31. Qe8+ Kh7 0-1

[Event "BL 2016-17"]
[Site "St. Veit/Glan"]
[Date "2017.03.26"]
[Round "8"]
[White "Buhmann, Rainer"]
[Black "Brkic, Ante"]
[Result "1/2-1/2"]
[WhiteElo "2625"]
[BlackElo "2560"]
[Annotator "TA"]
[PlyCount "108"]
[EventDate "2017.??.??"]
[EventType "team-tourn"]
[EventCountry "AUT"]
[SourceTitle "playchess.com"]
[Source "ChessBase"]
[SourceQuality "1"]
[WhiteTeam "Maria Saal"]
[BlackTeam "St. Veit"]

{[%evp 22,108,16,0,0,0,0,2,42,28,72,8,20,15,21,18,16,0,0,-72,0,0,0,0,0,0,0,0,25,15,16,8,5,11,25,27,19,18,50,55,66,66,69,66,66,66,69,68,68,65,58,49,49,35,75,71,87,96,89,43,33,26,19,0,0,0,0,0,0,0,0,0,0,0,0,0,0,0,0,0,0,-8,-8,-8,-8,-8,-8,-8,-8]} 1. Nf3 d5 2. d4 Nf6 3. c4 e6 4. Nc3 Bb4 5. Qa4+ Nc6 6. e3 O-O 7. Bd2 dxc4 {D38: Queen's Gambit Declined: Ragozin Defence (4 Nf3 Bb4)} 8. Bxc4 Bd6 9. Qc2 e5 10. dxe5 Nxe5 11. Nxe5 Bxe5 12. f4 {LiveBook: 5 Games} Bxc3 13. Bxc3 (13. bxc3 Re8 14. Bc1 Be6 $17) 13... Qe7 14. O-O {[%cal Bh1f1,Bf1f3,Bf3g3][%mdl 32]} Rd8 $146 (14... Qxe3+ $5 {seems wilder.} 15. Kh1 Qb6 16. f5 Bd7 17. Rad1 Bb5) (14... Qxe3+ 15. Kh1 {1-0 (24) Svane,R (2555)-Cheparinov,I (2689) Doha 2016}) 15. Rae1 (15. Rf3 $5 {is interesting.} Ne4 16. f5 Rd6 17. f6 Nxf6 18. Raf1) 15... Be6 16. Bxe6 (16. Bd3 $16) 16... Qxe6 $11 17. e4 Qc4 18. Rf3 Rd4 {[%cal Rd4e4]} 19. Rg3 Re8 {[%cal Rd4e4]} 20. h3 {[#]} (20. Re2 $1 $11 {keeps the balance.}) 20... Rdxe4 ({But not} 20... Rexe4 21. Rxe4 Rxe4 22. Qd1 Qc5+ 23. Kh2 $11) (20... g6 $1 $17 {[%cal Rd4e4]} 21. b3 Qc6) 21. Rxe4 Rxe4 22. Qd1 Qc5+ 23. Kh2 Ne8 24. Qd8 $36 {[%mdl 2048] White has good play.} f6 25. Bxf6 $1 Qd6 $1 {[%cal Rd6f6]} 26. Bxg7 {[#] Be5+ is the strong threat.} ({Much worse is} 26. Rxg7+ Kf8 27. Qxd6+ (27. Rg4 $2 Qxf6 28. Qd5 Rxf4 29. Qg8+ Ke7 30. Qxh7+ Kd8 31. Qd3+ Nd6 32. Rxf4 Qxf4+ $19) 27... cxd6 28. Rxh7 Nxf6 29. Rxb7 Rxf4 30. Rxa7 d5 $17) 26... Qxd8 27. Bf6+ $1 Kf7 28. Bxd8 Rxf4 {[%mdl 4096] Endgame KRB-KRN} 29. Rd3 Rf2 30. Rd7+ Kg8 31. Re7 Kf8 32. Rxh7 Rxb2 33. Bxc7 Rxa2 34. Be5 b5 35. Rb7 a6 36. Kg3 Re2 37. Bd4 Kg8 38. Kf3 Rd2 39. Be5 Nd6 40. Rg7+ Kf8 41. Ra7 b4 42. Rxa6 {The position is equal.} Nc4 43. Bf4 b3 {Strongly threatening ...b2.} 44. Bxd2 Nxd2+ {KR-KN} 45. Kf4 b2 46. Rb6 b1=Q 47. Rxb1 Nxb1 {KN-KPP} 48. g4 {[%cal Bg2g4,Bg4g5][%mdl 32]} Nd2 49. h4 Kg7 50. g5 Kg6 51. h5+ Kxh5 52. Kf5 Nf3 53. g6 {Threatens to win with g7.} Nh4+ 54. Kf6 {aiming for g7.} Nxg6 1/2-1/2

[Event "BL 2016-17"]
[Site "Germany"]
[Date "2017.02.19"]
[Round "8"]
[White "Gajewski, Grzegorz"]
[Black "Landa, Konstantin"]
[Result "1-0"]
[WhiteElo "2613"]
[BlackElo "2616"]
[Annotator "TA"]
[PlyCount "53"]
[EventDate "2017.??.??"]
[EventType "team-tourn"]
[EventCountry "GER"]
[SourceTitle "playchess.com"]
[Source "ChessBase"]
[SourceQuality "1"]
[WhiteTeam "TU Dresden"]
[BlackTeam "Mülheim Nord"]

{[%evp 17,53,22,20,15,22,23,35,19,21,13,21,0,14,0,15,3,31,36,40,36,51,58,50,62,87,92,347,345,421,467,628,619,619,624,745,740,733,701]} 1. d4 Nf6 2. c4 e6 3. Nf3 b6 4. g3 Bb7 5. Bg2 Be7 6. O-O O-O 7. Nc3 Ne4 8. Bd2 d6 9. Qc2 Nxd2 {LiveBook: 13 Games} 10. Nxd2 Bxg2 11. Kxg2 c6 {White has an edge.} 12. d5 exd5 13. cxd5 c5 14. Nc4 Nd7 15. f4 a6 16. a4 Qc7 17. g4 $36 {[%mdl 2048] Black is under pressure.} Bf6 18. Ne4 Be7 19. g5 b5 20. Ne3 {[%cal Bc4e3,Be3f5,Bf5e7,Be7g6][%mdl 32]} f5 {[#]} 21. Ng3 $1 Bxg5 $2 {[%mdl 8192]} (21... g6 $16 {was necessary.}) 22. fxg5 $18 f4 23. Nef5 {White is clearly winning.} fxg3 24. Ne7+ ({Inferior is} 24. Kxg3 Rae8 $15) ({Weaker is} 24. Nxg3 Ne5 $15) 24... Kh8 {aiming for ...Ne5.} 25. hxg3 {Qxh7+! would kill now.} g6 26. Rxf8+ Rxf8 {[#]} 27. Nxg6+ $1 {[%mdl 512]} 1-0

[Event "BL 2016-17"]
[Site "Germany"]
[Date "2017.02.19"]
[Round "8"]
[White "Vocaturo, Daniele"]
[Black "Buhmann, Rainer"]
[Result "1/2-1/2"]
[WhiteElo "2613"]
[BlackElo "2625"]
[Annotator "TA"]
[PlyCount "70"]
[EventDate "2017.??.??"]
[EventType "team-tourn"]
[EventCountry "GER"]
[SourceTitle "playchess.com"]
[Source "ChessBase"]
[SourceQuality "1"]
[WhiteTeam "SF Berlin"]
[BlackTeam "Hockenheim"]

{[%evp 17,70,31,27,20,11,20,35,23,50,8,18,0,0,-17,-18,-25,0,0,0,0,0,0,0,0,-3,-32,-26,-40,-43,-47,-21,-21,-22,-22,-21,-21,-18,-22,-19,-25,-16,-33,-28,-33,-36,-37,-35,-36,-16,-17,-9,-18,-9,-9,-9]} 1. e4 e5 2. Nf3 Nc6 3. Bc4 Nf6 4. d3 Be7 5. O-O O-O 6. a4 d5 7. exd5 Nxd5 8. h3 Kh8 9. Re1 f6 {LiveBook: 3 Games} 10. a5 b6 11. axb6 Nxb6 12. Bb3 Bb7 13. Nc3 {[%cal Bb1c3,Bc3e4,Be4c5][%mdl 32]} Qd7 14. Ne4 a5 {[%cal Ba7a5,Ba5a4][%mdl 32]} 15. Be3 a4 16. Ba2 Nb4 17. Nc5 Bxf3 18. Nxd7 Bxd1 19. Nxf8 ({Much worse is} 19. Bxb6 Rfd8 20. Rexd1 Rxd7 $17) 19... Nxc2 20. Rexd1 {[#] And now Ne6 would win.} Nxa1 21. Rxa1 {Ne6 is the strong threat.} Bxf8 22. Rc1 Bd6 23. Be6 Re8 24. Bxb6 cxb6 $11 {[%mdl 4096] Endgame KRB-KRB} 25. Bd7 Rd8 26. Bxa4 Bc5 27. Bb5 g6 28. Rc2 Ra8 29. Kf1 Kg7 30. Ke2 f5 31. Bc6 Ra1 32. Bd5 Ra4 33. g3 {The position is equal.} Kf6 34. h4 h6 35. Rc4 Rxc4 1/2-1/2

[Event "BL 2016-17"]
[Site "Germany"]
[Date "2017.02.19"]
[Round "8"]
[White "Mista, Aleksander"]
[Black "Wagner, Dennis"]
[Result "0-1"]
[WhiteElo "2611"]
[BlackElo "2568"]
[Annotator "TA"]
[PlyCount "80"]
[EventDate "2017.??.??"]
[EventType "team-tourn"]
[EventCountry "GER"]
[SourceTitle "playchess.com"]
[Source "ChessBase"]
[SourceQuality "1"]
[WhiteTeam "SF Berlin"]
[BlackTeam "Hockenheim"]

{[%evp 12,80,10,14,23,3,2,0,0,0,0,0,0,0,0,0,0,0,11,4,10,0,0,0,0,0,-7,-16,-14,-16,-14,-20,-9,-12,-21,-23,-6,-7,-7,-17,-14,-73,-73,-72,-70,-139,-141,-142,-147,-166,-191,-289,-245,-397,-390,-322,-284,-1069,-1029,-1311,-1268,-1204,-1131,-6905,-6557,-5308,-4906,-2870,-2419,-29992,-29993]} 1. e4 e5 2. Nf3 Nc6 3. Bb5 {??.} a6 4. Ba4 Nf6 5. O-O Be7 6. d3 b5 7. Bb3 d6 8. a3 O-O 9. Nc3 Bg4 10. Be3 Nd4 11. Bxd4 exd4 12. Nd5 Nd7 13. h3 Bxf3 $1 14. Qxf3 a5 {[%cal Ba6a5,Ba5a4][%mdl 32]} 15. Nxe7+ Qxe7 16. Qg3 a4 17. Ba2 Qe5 18. f4 Qc5 19. Qf2 Rab8 20. c3 dxc3 21. d4 Qc6 {And now ...cxb2 would win.} 22. e5 cxb2 23. Qxb2 Nb6 24. Rab1 Nc4 $36 {[%mdl 2048] Black has good play.} 25. Bxc4 $1 Qxc4 26. Rfc1 (26. Rbc1 $1 $11 Qd3 27. Rxc7) 26... Qd3 $17 27. Rxc7 Qe3+ 28. Qf2 (28. Kh1 $1 $15) 28... Qxa3 29. f5 Qd3 30. Re1 {intending f6.} b4 {Strongly threatening ...b3.} 31. f6 (31. exd6 b3 32. Qb2 Qg3 $19) 31... gxf6 32. Re3 $2 (32. e6 {was forced.} b3 33. Qxf6) 32... Qg6 $1 $19 {aiming for ...b3.} 33. Rg3 {[#]} ({But not} 33. exd6 b3 34. Qb2 {[#]} a3 $1 {[%mdl 512]} 35. Qxa3 b2 $19) 33... b3 $1 {[%cal Rb3b2]} ({Not} 33... fxe5 34. Rxg6+ hxg6 35. dxe5 $11) ({Worse is} 33... dxe5 34. Rxg6+ hxg6 35. Qxf6 $11) 34. h4 $2 (34. Rc1 b2 35. Rxg6+ hxg6 36. Rd1) 34... b2 35. h5 b1=Q+ 36. Kh2 {[#]} Qbe4 $1 {[%mdl 512]} 37. Qxf6 {[#]} Qxg3+ $1 {[%mdl 512]} 38. Kxg3 Rb3+ 39. Kh2 Qg4 {( -> ...Qg3+)} 40. h6 Qg3+ 0-1

[Event "BL 2016-17"]
[Site "St. Veit/Glan"]
[Date "2017.03.26"]
[Round "8"]
[White "Banusz, Tamas"]
[Black "Danin, Alexandre"]
[Result "1-0"]
[WhiteElo "2609"]
[BlackElo "2584"]
[Annotator "TA"]
[PlyCount "139"]
[EventDate "2017.??.??"]
[EventType "team-tourn"]
[EventCountry "AUT"]
[SourceTitle "playchess.com"]
[Source "ChessBase"]
[SourceQuality "1"]
[WhiteTeam "Wien-SK Ottakring"]
[BlackTeam "Feffernitz"]

{[%evp 13,139,31,49,13,49,28,41,48,64,69,56,75,60,35,54,47,59,35,40,35,31,30,36,40,45,23,88,85,95,93,87,89,103,68,107,91,123,102,114,122,180,137,138,129,153,160,185,182,181,181,181,181,181,147,156,165,155,150,150,155,147,129,167,179,178,172,167,165,165,154,174,174,180,175,189,181,191,181,237,243,225,225,241,246,230,182,233,0,235,211,274,291,275,258,233,234,401,371,475,437,470,453,444,427,613,652,762,750,733,670,675,568,424,408,392,364,854,1322,1091,3100,3004,2741,2910,2518,29978,29979,29987,29988]} 1. c4 c6 2. Nf3 d5 3. g3 Nf6 4. Bg2 dxc4 5. O-O g6 6. Na3 {[%cal Bb1a3,Ba3c4,Bc4e5][%mdl 32] A11: English Opening: 1...c6} Be6 (6... Bg7 7. Nxc4 O-O 8. b3 Nbd7 9. Bb2 Nb6 10. Qc1 Nxc4 11. bxc4 Bg4 12. h3 Bxf3 13. Bxf3 Qc7 {0-1 (56) Aronian,L (2785)-Malakhov,V (2713) Doha 2016}) 7. Qc2 Qd5 {LiveBook: 5 Games} 8. Ne1 {White is slightly better.} Qe5 $146 (8... Qd4 9. e3 Qg4 10. f3 Qf5 11. e4 Qc5+ 12. Kh1 Na6 13. d3 cxd3 14. Qxd3 {0-1 (41) Casella,M (2268)-Liou,Y (2283) ICC INT 2011}) 9. e4 Qd4 10. d3 Bg7 11. Nxc4 O-O 12. Nf3 Qd7 13. Nfe5 Qc8 14. d4 Nbd7 15. Rd1 Nxe5 16. Nxe5 Bh3 17. f3 Bxg2 18. Kxg2 Nd7 19. Nc4 e5 (19... Nb6 $11 {remains equal.}) 20. Be3 $16 Qc7 21. d5 cxd5 22. Rxd5 Rfc8 23. Rad1 Nf8 24. b3 Qe7 25. Qf2 b6 26. Bc1 $36 {[%mdl 2048] Keeping Black busy.} Ne6 (26... Rc6 $16 27. Qd2 Qe8) 27. Nxe5 Bxe5 28. Rxe5 Rc7 29. Bb2 Rac8 30. Rd2 Qb4 31. Red5 a5 32. Qe2 a4 33. Qd3 axb3 34. axb3 Qxd2+ 35. Qxd2 Rc2 36. Bf6 Kf8 37. Kf2 Ke8 38. Ke3 Rxd2 39. Kxd2 $18 {[%mdl 4096] Endgame KRB-KRN} Nc5 40. b4 Nd7 41. Bb2 Rc4 42. Bc3 Rc6 43. Kd3 Ke7 44. g4 Rc8 45. Bb2 Ke6 (45... Ra8 {keeps fighting.} 46. Kc4 Rc8+ 47. Kb3 f6) 46. f4 Ke7 47. h4 {[%cal Bh2h4,Bh4h5][%mdl 32]} Ke6 48. h5 Ke7 49. Bc3 Ke6 (49... Ra8 $142 50. hxg6 hxg6) 50. Bb2 Ke7 $1 51. h6 Ke6 52. f5+ Ke7 53. e5 gxf5 54. gxf5 {[%cal Bg4f5,Bf5f6][%mdl 32]} Rg8 $2 {[#]} (54... Rc6 {is a better defense.} 55. f6+ Kd8) 55. Rd6 Rg4 56. Bd4 b5 57. f6+ Kd8 58. Rd5 Rh4 (58... Rg3+ $142 59. Be3 Rg4 60. Rxb5 Kc7) 59. Rxb5 Rxh6 60. Ra5 Rh1 61. Ra8+ Kc7 62. Ra7+ Kc8 63. Kc4 h5 64. Ra8+ Kb7 $2 {[#]} (64... Kc7 65. Kd5 Rd1) 65. Re8 h4 66. Re7 ({Less strong is} 66. e6 fxe6 67. Rxe6 (67. Re7 Kc8 $16) 67... h3 $16) 66... Kc8 67. Rxf7 h3 68. Rh7 h2 69. Kd5 Nb6+ 70. Bxb6 1-0

[Event "BL 2016-17"]
[Site "Germany"]
[Date "2017.02.19"]
[Round "8"]
[White "L'Ami, Erwin"]
[Black "Wirig, Anthony"]
[Result "1/2-1/2"]
[WhiteElo "2608"]
[BlackElo "2476"]
[Annotator "TA"]
[PlyCount "53"]
[EventDate "2017.??.??"]
[EventType "team-tourn"]
[EventCountry "GER"]
[SourceTitle "playchess.com"]
[Source "ChessBase"]
[SourceQuality "1"]
[WhiteTeam "Solingen"]
[BlackTeam "Schwäbisch Hall"]

{[%evp 20,53,37,0,14,0,1,0,0,0,-3,0,-6,-10,-2,-10,0,-14,-7,-11,0,0,0,-6,0,-12,0,0,0,0,0,-3,0,-13,0,0]} 1. d4 d5 2. c4 dxc4 3. e3 Nf6 4. Bxc4 a6 5. Nf3 b5 6. Be2 Bb7 7. O-O e6 8. b3 Nbd7 9. Bb2 Be7 10. Nbd2 c5 11. Rc1 {LiveBook: 3 Games} Rc8 {The position is equal.} 12. Rc2 O-O 13. Qb1 cxd4 {[#] White must now prevent ...Rxc2.} 14. Rxc8 ({Reject} 14. exd4 Rxc2 15. Qxc2 Qa5 $17) 14... Qxc8 15. Nxd4 Qa8 16. Bf3 Rc8 17. Bxb7 Qxb7 18. Rc1 Rc7 19. h3 Qc8 20. Rxc7 Qxc7 21. Ne4 Nd5 22. Ne2 N7f6 23. Nxf6+ Bxf6 24. Bxf6 Nxf6 25. Qd3 h6 26. Nc3 Qd7 27. Qxd7 1/2-1/2